[Event "Tata Steel India Blitz (Women)"]
[Site "Kolkata"]
[Date "2022.12.04"]
[Round "15"]
[White "Kiolbasa, Oliwia"]
[Black "Muzychuk, Mariya"]
[Result "1-0"]
[WhiteElo "2410"]
[BlackElo "2523"]
[PlyCount "49"]
[EventDate "2022.11.29"]
[EventType "tourn (blitz)"]
[EventRounds "18"]
[EventCountry "IND"]
[EventCategory "9"]
[SourceTitle "CBM 211 Extra"]
[Source "ChessBase"]
[SourceDate "2023.01.31"]
[SourceVersion "1"]
[SourceVersionDate "2023.01.31"]
[SourceQuality "1"]

1. e4 c5 2. Nf3 Nc6 3. Nc3 e6 4. d4 cxd4 5. Nxd4 Nf6 6. Ndb5 d6 7. Bf4 e5 8. Bg5 a6 9. Na3 b5 10. Nd5 Be7 11. Bxf6 Bxf6 12. c4 b4 13. Nc2 0-0 14. g3 Be6 15. Bg2 a5 16. 0-0 Rb8 17. b3 Bxd5 18. Qxd5 Qb6 19. Rad1 Nd4 20. Nxd4 exd4 21. Rd3 Rfc8 22. Qf5 a4 23. Rfd1 Ra8 24. f4 Ra5 25. Qxc8+ 1-0

[Event "Tata Steel India Blitz (Women)"]
[Site "Kolkata"]
[Date "2022.12.04"]
[Round "18"]
[White "Muzychuk, Mariya"]
[Black "Dzagnidze, Nana"]
[Result "0-1"]
[WhiteElo "2523"]
[BlackElo "2517"]
[PlyCount "106"]
[EventDate "2022.11.29"]
[EventType "tourn (blitz)"]
[EventRounds "18"]
[EventCountry "IND"]
[EventCategory "9"]
[SourceTitle "CBM 211 Extra"]
[Source "ChessBase"]
[SourceDate "2023.01.31"]
[SourceVersion "1"]
[SourceVersionDate "2023.01.31"]
[SourceQuality "1"]

1. e4 c5 2. Nf3 e6 3. c3 d5 4. exd5 Qxd5 5. d4 Nf6 6. Na3 Nc6 7. Be3 cxd4 8. Nb5 Qd8 9. Nbxd4 Nxd4 10. Bxd4 Be7 11. Bd3 0-0 12. 0-0 b6 13. Qc2 h6 14. Rad1 Qe8 15. a4 Bb7 16. Ne5 Bc5 17. Bb5 Qe7 18. Nc6 Bxc6 19. Bxc6 Rad8 20. Bxc5 Qxc5 21. Bf3 g5 22. h3 Kg7 23. Rd2 Rxd2 24. Qxd2 Qc4 25. Ra1 Rc8 26. a5 Rc7 27. axb6 axb6 28. Ra8 Rd7 29. Qe3 Qb5 30. b4 Qc4 31. Qxb6 Qxc3 32. Qb8 Qc1+ 33. Kh2 Qf4+ 34. Qxf4 gxf4 35. b5 Nd5 36. Rb8 Rd6 37. h4 Kf6 38. g3 fxg3+ 39. fxg3 Nb6 40. g4 Nc4 41. Kg3 Rd3 42. Kf2 Rb3 43. Be2 Rb2 44. Ke1 Ne5 45. Rb7 Rb4 46. b6 Nxg4 47. Rb8 Ne5 48. Ba6 Nc6 49. Rh8 Rxb6 50. Bd3 Kg7 51. Rh7+ Kg8 52. Rxh6 Ne5 53. Kd2 Rd6 0-1

[Event "Tata Steel India Blitz (Women)"]
[Site "Kolkata"]
[Date "2022.12.03"]
[Round "2"]
[White "Muzychuk, Anna"]
[Black "Muzychuk, Mariya"]
[Result "1/2-1/2"]
[WhiteElo "2522"]
[BlackElo "2523"]
[PlyCount "99"]
[EventDate "2022.11.29"]
[EventType "tourn (blitz)"]
[EventRounds "18"]
[EventCountry "IND"]
[EventCategory "9"]
[SourceTitle "CBM 211 Extra"]
[Source "ChessBase"]
[SourceDate "2023.01.31"]
[SourceVersion "1"]
[SourceVersionDate "2023.01.31"]
[SourceQuality "1"]

1. e4 e5 2. Nf3 Nc6 3. Bb5 a6 4. Ba4 Nf6 5. 0-0 Nxe4 6. d4 b5 7. Bb3 d5 8. dxe5 Be6 9. c3 Be7 10. Nbd2 Nc5 11. Bc2 d4 12. Nb3 d3 13. Nxc5 dxc2 14. Qxd8+ Rxd8 15. Nxe6 fxe6 16. Be3 Rd5 17. Rac1 Nxe5 18. Nxe5 Rxe5 19. c4 b4 20. Rxc2 Kf7 21. Rd1 Rd8 22. Rxd8 Bxd8 23. Kf1 Bg5 24. Ba7 Be7 25. g3 Bc5 26. Bb8 Bb6 27. c5 Rxc5 28. Rxc5 Bxc5 29. Bxc7 Bd4 30. b3 e5 31. f3 Ke6 32. Ke2 Kd5 33. Kd3 h5 34. h3 Bf2 35. g4 hxg4 36. hxg4 g6 37. Ba5 Bc5 38. Bd8 Bf2 39. Be7 Be1 40. Bf8 Bc3 41. a3 a5 42. a4 Bd4 43. Be7 Bb6 44. Bh4 Bc7 45. Bf2 Bd8 46. Be3 Bc7 47. Ba7 Bd8 48. Bf2 Bc7 49. Be3 Bd8 50. Bf2 1/2-1/2

[Event "Tata Steel India Blitz (Women)"]
[Site "Kolkata"]
[Date "2022.12.03"]
[Round "1"]
[White "Muzychuk, Mariya"]
[Black "Bhakti, Kulkarni"]
[Result "1-0"]
[WhiteElo "2523"]
[BlackElo "2319"]
[PlyCount "105"]
[EventDate "2022.11.29"]
[EventType "tourn (blitz)"]
[EventRounds "18"]
[EventCountry "IND"]
[EventCategory "9"]
[SourceTitle "CBM 211 Extra"]
[Source "ChessBase"]
[SourceDate "2023.01.31"]
[SourceVersion "1"]
[SourceVersionDate "2023.01.31"]
[SourceQuality "1"]

1. e4 d6 2. d4 Nf6 3. Nc3 e5 4. Nf3 Nbd7 5. Bc4 Be7 6. a4 0-0 7. 0-0 c6 8. Re1 h6 9. h3 Re8 10. a5 Rb8 11. Be3 b5 12. axb6 axb6 13. d5 b5 14. dxc6 bxc4 15. cxd7 Bxd7 16. Qc1 Ra8 17. Rd1 Qc7 18. Rxa8 Rxa8 19. Nh4 Bf8 20. f4 exf4 21. Bxf4 g5 22. Bxg5 hxg5 23. Qxg5+ Bg7 24. Kh1 Ra5 25. Nd5 Nxd5 26. exd5 Ra8 27. Re1 Re8 28. Rxe8+ Bxe8 29. Nf5 f6 30. Qg3 Kf8 31. Nxd6 Ba4 32. c3 Bc2 33. h4 Qb8 34. h5 Qd8 35. Nxc4 Qxd5 36. Ne3 Qxh5+ 37. Kg1 Be4 38. Qb8+ Kf7 39. Qc7+ Kg8 40. Qb8+ Kh7 41. Qf4 Qe5 42. Qh4+ Kg8 43. Qf2 Bh6 44. Ng4 Qf4 45. Nxf6+ Kf7 46. Qxf4 Bxf4 47. Nxe4 Ke6 48. Kf2 Kf5 49. Kf3 Bc7 50. g4+ Ke5 51. b4 Bb6 52. g5 Kf5 53. c4 1-0